LIBRARY & INFORMATION CENTRE, KCAET, TAVANUR

ONLINE PUBLIC ACCESS CATALOGUE (OPAC)

Differential calculus / (Record no. 10128)

MARC details
000 -LEADER
fixed length control field 00366cam a2200145ua 4500
041 ## - LANGUAGE CODE
Language code of text/sound track or separate title eng
082 ## - DEWEY DECIMAL CLASSIFICATION NUMBER
Classification number 515.3
Item number FER/DI
100 ## - MAIN ENTRY--AUTHOR NAME
Personal name Ferrar , W L .
245 ## - TITLE STATEMENT
Title Differential calculus /
260 ## - PUBLICATION, DISTRIBUTION, ETC. (IMPRINT)
Place of publication London :
Name of publisher Oxford at the Clarendon Press ,
Year of publication 1962.
300 ## - PHYSICAL DESCRIPTION
Number of Pages 296 ; .
942 ## - ADDED ENTRY ELEMENTS (KOHA)
Koha item type Books
Holdings
Withdrawn status Lost status Damaged status Home library Current library Date acquired Full call number Accession Number Koha item type
Withdrawn     KAUAET KAUAET 07/04/2012 515.3 2698 Books
free website counter